000 00364 a2200157 4500
001 155411
020 _a9788502630604
040 _cEscola São Tomás de Aquino
100 _aTITO
240 1 0 _aQuímica na abordagem do cotidiano
_lpor
245 1 0 _aQuímica na abordagem do cotidiano
300 _a688
362 0 _a2015
697 _aQUÍMICA
942 _cBK
999 _c155411
_d155411